| 000 | 00568nam a2200205 a 4500 | ||
|---|---|---|---|
| 005 | 20220630205743.0 | ||
| 008 | 021108s2001 mx r 000 0 spa d | ||
| 020 | _a0521802792 | ||
| 035 | _aUPN01000120907 | ||
| 049 | _aCG | ||
| 050 | 4 |
_aB738 R4.2 _bG7.3 |
|
| 100 | 1 |
_aGrant, Edward, _d1926- |
|
| 245 | 1 | 0 |
_aGod and reason in the middle ages / _cEdward Grant. |
| 260 |
_aNew York : _bCambridge University, _cc2001. |
||
| 300 | _a397 p. | ||
| 650 | 0 |
_aRazón _920745 |
|
| 650 | 4 |
_aFE Y RAZON _917508 |
|
| 650 | 4 |
_aIGLESIA - _xHISTORIA - _xEDAD MEDIA |
|
| 905 | _aLibro | ||
| 999 |
_c93227 _d93227 |
||